00283nam a22001217a 4500020001500000040000900015082001300024100002000037245002200057250001300079260004700092650002200139 a8180300684 cNUST a515bKUM aDr. Sunil Kumar aAdvanced Calculus aVolume-2 aIndia:bCampus Books International,c2005. 2Advanced Calculus